000 00309nam a22001457a 4500
008 210527b ||||| |||| 00| 0 eng d
020 _a0195024699
041 _aeng
080 _23rd
_a94
082 _a94
100 _a16
101 _aSHH
245 _aAmerican Vistas
_cDinnerstein,L
942 _2udc
_cBK
999 _c57754
_d57754